000 00932nam a22002297a 4500
999 _c12856
_d12856
003 AR-CdUCM
008 190410b ||||| |||| 00| 0 spa d
040 _aMUNICIPALIDAD PROVINCIAL DEL CUSCO
_cBIBLIOTECA MUNICIPAL DEL CUSCO
082 _a335.4 /
_bS47
100 _aShaw, Bernard
_930943
245 _a¿Donde esta hoy el socialismo? /
260 _aRio de Janeiro :
_bTor,
300 _a204 páginas ;
440 _aColección el mundo de hoy
_n6
_930944
505 _aContenido : El estado actual de la democracia representativa, por Harold J. Laski -- Las instituciones parlamentarias y la transición hacia el socialismo, por Sir Stafford Cripps, K. C., M. P -- Las instituciones financieras en la transición, por Hugh Dalton ...
650 _aSocialismo
_91037
650 _aSociales
_928612
650 _aCivilización
_91048
700 _aKiug, Cesar
_930945
942 _2ddc
_cLIBROS
945 _arah
_d10/04/2019